=LDR 00000nam 2200000 4500 =001 INLIS000000000057739 =990 ##$$a 19.012/Pb-2011 =005 20210408084615 =035 ##$$a 0010-0421000017 =245 1#$$a Hamster /$c Percy Parslow =100 #$$a Parslow, Percy =300 ##$$a 152 ; $c 21 =260 ##$$a Bandung :$b Nuansa,$c 2010 =082 ##$$a 639.39 =084 ##$$a 639.39 PAR h =020 ##$$a 978-602-8395-93-9